000 00689nam a2200289Ia 4500
005 20260324124213.0
008 008 260324s9999 xx 000 0 eng d
020 _a9780203842232
037 _aEBOOK
040 _aCRL
040 _beng
040 _cCRL
041 _2eng
041 _aeng
084 _qCRL
100 _aS. Janaka Biyanwila
_91063437
245 4 _aThe Labour Movement in the Global South
245 0 _bTrade Unions in Sri Lanka
260 _bTaylor and Francis
260 _c2010
365 _a
365 _b240
856 _uhttp://www.taylorfrancis.com/books/9780203842232
942 _cEBOOK
999 _c1767436
_d1767436